Geofyzika a geodynamika : 1.časť /

Saved in:
Bibliographic Details
Main Author: Mojzeš, Marcel, 1947- (Author)
Format: Book
Language:Slovak
Published: Bratislava : SVŠT v Bratislave, 1989
Tags: Add Tag
No Tags, Be the first to tag this record!

MARC

LEADER 00000nam a22000003a 4500
001 stu28739
005 20231030070943.5
008 950510s1989----xo------------------slo-d
040 |a STU  |b slo 
041 0 |a slo 
044 |a xo 
080 |a 550.3(075.8) 
100 1 |a Mojzeš, Marcel,  |d 1947-  |4 aut  |u V130  |U SvF Stavebná fakulta  |T SvF Katedra geodetických základov  |X 768  |U V130  |Y 13  |7 A000000768 
245 1 |a Geofyzika a geodynamika :  |b 1.časť /  |c [aut]Mojzeš,Marcel 
260 |a Bratislava :  |b SVŠT v Bratislave,  |c 1989 
300 |a 167 s 
996 |b 284V002890  |c V*30590/S-89  |l VVS  |s A  |a 24  |w stu28739_0001 
996 |b 284V002942  |c V*30581/S-89  |l VVS  |s A  |a 24  |w stu28739_0002 
996 |b 284V002935  |c V*30582/S-89  |l VVS  |s A  |a 24  |w stu28739_0003 
996 |b 284V002937  |c V*30592/S-89  |l VVS  |s A  |a 24  |w stu28739_0008 
996 |b 284V002939  |c V*30585/S-89  |l VVS  |s A  |a 24  |w stu28739_0010 
996 |b 284V002940  |c V*30584/S-89  |l VVS  |s A  |a 24  |w stu28739_0011 
996 |b 284V016901  |c V*30594/S-89  |l VVS  |s A  |a 24  |w stu28739_0012 
996 |b 284V023341  |c V*37819/O-15827  |l VVT  |s A  |a 24  |w stu28739_0016 
996 |b 284V023340  |c V*37820/O-15827a  |l VVT  |s A  |a 24  |w stu28739_0017 
996 |b 284V040810  |c V* 43663/S-17  |l VVS  |s A  |a 24  |w stu28739_0019